How to carve folk figures and a cigar-store Indian /

Bibliographic Details
Main Author: Enlow, Harold L.
Format: Book
Language:English
Published: New York : Dover Publications, 1979.
Series:Dover pictorial archive series.
Subjects:

MARC

Tag First Indicator Second Indicator Subfields
LEADER 00000cam a2200000 i 4500
001 in00000055480
005 20151008052237.0
008 091204s1979 nyua 00010 eng
010 |a  78064855  
020 |a 0486237486 :  |c $2.95 
035 |a (OCoLC)05241540 
035 |9 AAH2414AM 
040 |a DLC  |c DLC  |d TXA  |d UtOrBLW 
049 |a TXAM  |c [1405578] 
050 0 0 |a TT199.7  |b .E534 1979 
082 0 |a 731.4/62 
100 1 |a Enlow, Harold L. 
245 1 0 |a How to carve folk figures and a cigar-store Indian /  |c Harold L. Enlow ; with 22 drawings and 93 photos. by the author. 
264 1 |a New York :  |b Dover Publications,  |c 1979. 
300 |a 57 pages :  |b illustrations ;  |c 28 cm. 
336 |a text  |b txt  |2 rdacontent 
337 |a unmediated  |b n  |2 rdamedia 
338 |a volume  |b nc  |2 rdacarrier 
490 1 |a Dover pictorial archive series 
650 0 |a Wood-carving. 
650 0 |a Folk art. 
830 0 |a Dover pictorial archive series. 
999 |a MARS 
999 f f |s b52181b5-e0f8-3f2d-80c5-9150a53f8799  |i 16c4a59b-c488-38bd-b543-bf71de334598  |t 0 
952 f f |p ric  |a Texas A&M University  |b Rellis Campus  |c Joint Library Facility  |d Remote Storage  |t 0  |e TT199.7 .E534 1979  |h Library of Congress classification  |i unmediated -- volume  |m A14805659487 
998 f f |a TT199.7 .E534 1979  |t 0  |l Remote Storage